000 01041nam a2200253 i 4500
001 8879
003 ES-MaACL
005 20250808063452.0
007 t|
008 921110r19851850sp ||||1| spa d
020 _a84-86047-62-5
080 _a9(465.23)(038)
080 _a91(465.23)(038)
100 1 _aMadoz, Pascual,
_d1806-1870
_975334
245 1 0 _aDiccionario geográfico-estadístico-histórico de Aragón. Teruel /
_cPascual Madoz ; [editor de la obra, Domingo Sánchez Zurro].
260 _aValladolid :
_bAmbito :
_bDiputación General de Aragón,
_c1985.
300 _a206 p. :
_bil. ;
_c27 cm.
500 _aReprod. parcial del Diccionario geográfico-estadístico-histórico de España y sus posesiones de ultramar por Pascual Madoz. Madrid, 1845-1850.
651 4 _aTeruel (Provincia)-
_xHistoria-
_vDiccionarios.
_99435
651 4 _aTeruel (Provincia)-
_xDescripción-
_vDiccionarios.
_99434
700 1 _aSánchez Zurro, Domingo J.
_9102999
852 _aES-MaACL
_jL-16358
_bR.121034
999 _c8879
_d8879